<?xml version="1.0" encoding="UTF-8"?>
<collection xmlns="http://www.loc.gov/MARC21/slim">
 <record>
  <leader>03286cam a2200661  a4500</leader>
  <controlfield tag="001">1080242147</controlfield>
  <controlfield tag="003">DE-627</controlfield>
  <controlfield tag="005">20221114165555.0</controlfield>
  <controlfield tag="007">tu</controlfield>
  <controlfield tag="008">860314m19829999xx |||||      00| ||ger c</controlfield>
  <datafield tag="035" ind1=" " ind2=" ">
   <subfield code="a">(DE-627)1080242147</subfield>
  </datafield>
  <datafield tag="035" ind1=" " ind2=" ">
   <subfield code="a">(DE-576)010242147</subfield>
  </datafield>
  <datafield tag="035" ind1=" " ind2=" ">
   <subfield code="a">(DE-599)BSZ010242147</subfield>
  </datafield>
  <datafield tag="035" ind1=" " ind2=" ">
   <subfield code="a">(DE-604)8001464078</subfield>
  </datafield>
  <datafield tag="040" ind1=" " ind2=" ">
   <subfield code="a">DE-627</subfield>
   <subfield code="b">ger</subfield>
   <subfield code="c">DE-627</subfield>
   <subfield code="e">rakwb</subfield>
  </datafield>
  <datafield tag="041" ind1=" " ind2=" ">
   <subfield code="a">ger</subfield>
  </datafield>
  <datafield tag="084" ind1=" " ind2=" ">
   <subfield code="a">NR 5970</subfield>
   <subfield code="2">rvk</subfield>
   <subfield code="0">(DE-625)rvk/129486:</subfield>
  </datafield>
  <datafield tag="084" ind1=" " ind2=" ">
   <subfield code="a">NW 6100</subfield>
   <subfield code="2">rvk</subfield>
   <subfield code="0">(DE-625)rvk/132240:</subfield>
  </datafield>
  <datafield tag="100" ind1="1" ind2=" ">
   <subfield code="a">Leiner, Wolfgang</subfield>
   <subfield code="0">(DE-588)1051832160</subfield>
   <subfield code="0">(DE-627)786891564</subfield>
   <subfield code="0">(DE-576)407476385</subfield>
   <subfield code="4">aut</subfield>
  </datafield>
  <datafield tag="245" ind1="1" ind2="0">
   <subfield code="a">Geschichte der Elektrizitätswirtschaft in Württemberg</subfield>
   <subfield code="c">Wolfgang Leiner</subfield>
  </datafield>
  <datafield tag="264" ind1=" " ind2="1">
   <subfield code="a">Stuttgart</subfield>
   <subfield code="b">Energie-Versorgung Schwaben</subfield>
   <subfield code="c">1982-</subfield>
  </datafield>
  <datafield tag="336" ind1=" " ind2=" ">
   <subfield code="a">Text</subfield>
   <subfield code="b">txt</subfield>
   <subfield code="2">rdacontent</subfield>
  </datafield>
  <datafield tag="337" ind1=" " ind2=" ">
   <subfield code="a">ohne Hilfsmittel zu benutzen</subfield>
   <subfield code="b">n</subfield>
   <subfield code="2">rdamedia</subfield>
  </datafield>
  <datafield tag="338" ind1=" " ind2=" ">
   <subfield code="a">Band</subfield>
   <subfield code="b">nc</subfield>
   <subfield code="2">rdacarrier</subfield>
  </datafield>
  <datafield tag="689" ind1="0" ind2="0">
   <subfield code="d">g</subfield>
   <subfield code="0">(DE-588)4067029-6</subfield>
   <subfield code="0">(DE-627)106110780</subfield>
   <subfield code="0">(DE-576)209167882</subfield>
   <subfield code="a">Württemberg</subfield>
   <subfield code="2">gnd</subfield>
  </datafield>
  <datafield tag="689" ind1="0" ind2="1">
   <subfield code="d">s</subfield>
   <subfield code="0">(DE-588)4014228-0</subfield>
   <subfield code="0">(DE-627)106340778</subfield>
   <subfield code="0">(DE-576)208907025</subfield>
   <subfield code="a">Elektrizitätswirtschaft</subfield>
   <subfield code="2">gnd</subfield>
  </datafield>
  <datafield tag="689" ind1="0" ind2="2">
   <subfield code="a">z</subfield>
   <subfield code="2">gnd</subfield>
   <subfield code="a">Geschichte</subfield>
  </datafield>
  <datafield tag="689" ind1="0" ind2=" ">
   <subfield code="5">(DE-627)</subfield>
  </datafield>
  <datafield tag="689" ind1="1" ind2="0">
   <subfield code="d">g</subfield>
   <subfield code="0">(DE-588)4004176-1</subfield>
   <subfield code="0">(DE-627)106387154</subfield>
   <subfield code="0">(DE-576)208854444</subfield>
   <subfield code="a">Baden-Württemberg</subfield>
   <subfield code="2">gnd</subfield>
  </datafield>
  <datafield tag="689" ind1="1" ind2="1">
   <subfield code="d">s</subfield>
   <subfield code="0">(DE-588)4014228-0</subfield>
   <subfield code="0">(DE-627)106340778</subfield>
   <subfield code="0">(DE-576)208907025</subfield>
   <subfield code="a">Elektrizitätswirtschaft</subfield>
   <subfield code="2">gnd</subfield>
  </datafield>
  <datafield tag="689" ind1="1" ind2="2">
   <subfield code="a">z</subfield>
   <subfield code="2">gnd</subfield>
   <subfield code="a">Geschichte 1896-1945</subfield>
  </datafield>
  <datafield tag="689" ind1="1" ind2=" ">
   <subfield code="5">(DE-627)</subfield>
  </datafield>
  <datafield tag="689" ind1="2" ind2="0">
   <subfield code="d">g</subfield>
   <subfield code="0">(DE-588)4067029-6</subfield>
   <subfield code="0">(DE-627)106110780</subfield>
   <subfield code="0">(DE-576)209167882</subfield>
   <subfield code="a">Württemberg</subfield>
   <subfield code="2">gnd</subfield>
  </datafield>
  <datafield tag="689" ind1="2" ind2="1">
   <subfield code="d">s</subfield>
   <subfield code="0">(DE-588)4014228-0</subfield>
   <subfield code="0">(DE-627)106340778</subfield>
   <subfield code="0">(DE-576)208907025</subfield>
   <subfield code="a">Elektrizitätswirtschaft</subfield>
   <subfield code="2">gnd</subfield>
  </datafield>
  <datafield tag="689" ind1="2" ind2="2">
   <subfield code="a">z</subfield>
   <subfield code="2">gnd</subfield>
   <subfield code="a">Geschichte 1832-1945</subfield>
  </datafield>
  <datafield tag="689" ind1="2" ind2=" ">
   <subfield code="5">(DE-627)</subfield>
  </datafield>
  <datafield tag="689" ind1="3" ind2="0">
   <subfield code="d">g</subfield>
   <subfield code="0">(DE-588)4004176-1</subfield>
   <subfield code="0">(DE-627)106387154</subfield>
   <subfield code="0">(DE-576)208854444</subfield>
   <subfield code="a">Baden-Württemberg</subfield>
   <subfield code="2">gnd</subfield>
  </datafield>
  <datafield tag="689" ind1="3" ind2="1">
   <subfield code="d">s</subfield>
   <subfield code="0">(DE-588)4014228-0</subfield>
   <subfield code="0">(DE-627)106340778</subfield>
   <subfield code="0">(DE-576)208907025</subfield>
   <subfield code="a">Elektrizitätswirtschaft</subfield>
   <subfield code="2">gnd</subfield>
  </datafield>
  <datafield tag="689" ind1="3" ind2="2">
   <subfield code="a">z</subfield>
   <subfield code="2">gnd</subfield>
   <subfield code="a">Geschichte</subfield>
  </datafield>
  <datafield tag="689" ind1="3" ind2=" ">
   <subfield code="5">(DE-627)</subfield>
  </datafield>
  <datafield tag="787" ind1="0" ind2="8">
   <subfield code="i">Rezension</subfield>
   <subfield code="a">Fekete, Julius, 1949 - </subfield>
   <subfield code="t">Wolfgang Leiner, Geschichte der Elektrizitätswirtschaft in Württemberg</subfield>
   <subfield code="d">1985</subfield>
   <subfield code="w">(DE-627)1479911844</subfield>
   <subfield code="w">(DE-576)409911844</subfield>
  </datafield>
  <datafield tag="936" ind1="r" ind2="v">
   <subfield code="a">NR 5970</subfield>
   <subfield code="b">Einzelbeiträge</subfield>
   <subfield code="k">Landes- und Stadtgeschichte (Allgemeine, Deutsche und Österreichische Landes- und Stadtgeschichte, Ausländische Stadtgeschichte, Geschichte der Auslanddeutschen)</subfield>
   <subfield code="k">Deutsche Landesgeschichte im Einzelnen (einschl. ehemaliger deutscher Gebiete)</subfield>
   <subfield code="k">Baden-Württemberg mit Oberrheinland</subfield>
   <subfield code="k">Einzelbeiträge</subfield>
   <subfield code="0">(DE-627)1271474042</subfield>
   <subfield code="0">(DE-625)rvk/129486:</subfield>
   <subfield code="0">(DE-576)201474042</subfield>
  </datafield>
  <datafield tag="936" ind1="r" ind2="v">
   <subfield code="a">NW 6100</subfield>
   <subfield code="b">Gas-, Wasser- und Elektrizitätswerke</subfield>
   <subfield code="k">Wirtschafts- und Sozialgeschichte</subfield>
   <subfield code="k">Spezielle Wirtschaftsgeschichte</subfield>
   <subfield code="k">Firmengeschichte</subfield>
   <subfield code="k">Gas-, Wasser- und Elektrizitätswerke</subfield>
   <subfield code="0">(DE-627)1271540347</subfield>
   <subfield code="0">(DE-625)rvk/132240:</subfield>
   <subfield code="0">(DE-576)201540347</subfield>
  </datafield>
  <datafield tag="951" ind1=" " ind2=" ">
   <subfield code="a">MC</subfield>
  </datafield>
  <datafield tag="990" ind1=" " ind2=" ">
   <subfield code="a">Württemberg</subfield>
  </datafield>
  <datafield tag="990" ind1=" " ind2=" ">
   <subfield code="a">Elektrizitätswirtschaft</subfield>
  </datafield>
  <datafield tag="990" ind1=" " ind2=" ">
   <subfield code="a">Geschichte</subfield>
  </datafield>
  <datafield tag="990" ind1=" " ind2=" ">
   <subfield code="a">Baden-Württemberg</subfield>
  </datafield>
  <datafield tag="990" ind1=" " ind2=" ">
   <subfield code="a">Elektrizitätswirtschaft</subfield>
  </datafield>
  <datafield tag="990" ind1=" " ind2=" ">
   <subfield code="a">Geschichte 1896-1945</subfield>
  </datafield>
  <datafield tag="990" ind1=" " ind2=" ">
   <subfield code="a">Württemberg</subfield>
  </datafield>
  <datafield tag="990" ind1=" " ind2=" ">
   <subfield code="a">Elektrizitätswirtschaft</subfield>
  </datafield>
  <datafield tag="990" ind1=" " ind2=" ">
   <subfield code="a">Geschichte 1832-1945</subfield>
  </datafield>
  <datafield tag="990" ind1=" " ind2=" ">
   <subfield code="a">Baden-Württemberg</subfield>
  </datafield>
  <datafield tag="990" ind1=" " ind2=" ">
   <subfield code="a">Elektrizitätswirtschaft</subfield>
  </datafield>
  <datafield tag="990" ind1=" " ind2=" ">
   <subfield code="a">Geschichte</subfield>
  </datafield>
  <datafield tag="991" ind1=" " ind2=" ">
   <subfield code="a">Rezensiertes Werk</subfield>
  </datafield>
  <datafield tag="999" ind1=" " ind2=" ">
   <subfield code="a">KXP-PPN1080242147</subfield>
   <subfield code="e">419242245X</subfield>
  </datafield>
 </record>
</collection>
